Variation in yield and some physiological characteristics of two Hevea clones in North Konkan (Record no. 50509)

MARC details
000 -LEADER
fixed length control field 00520nam a2200181Ia 4500
100 ## - MAIN ENTRY--AUTHOR NAME
Personal name Chandrashekar T.R.
245 #0 - TITLE STATEMENT
Title Variation in yield and some physiological characteristics of two Hevea clones in North Konkan
260 ## - PUBLICATION, DISTRIBUTION, ETC. (IMPRINT)
Name of publisher Indian Journal of Natural Rubber Research
Year of publication 1993
300 ## - PHYSICAL DESCRIPTION
Number of Pages 156-158
650 ## - SUBJECT ADDED ENTRY--TOPICAL TERM
Topical Term GT 1
650 ## - SUBJECT ADDED ENTRY--TOPICAL TERM
Topical Term North Konkan
650 ## - SUBJECT ADDED ENTRY--TOPICAL TERM
Topical Term RRIM 600
650 ## - SUBJECT ADDED ENTRY--TOPICAL TERM
Topical Term Yield
700 ## - ADDED ENTRY--PERSONAL NAME
Personal name Sethuraj M.R.
700 ## - ADDED ENTRY--PERSONAL NAME
Personal name Vijayakumar K.R.
942 ## - ADDED ENTRY ELEMENTS (KOHA)
Koha item type Bibliography STAF
Holdings
Withdrawn status Lost status Damaged status Not for loan Home library Current library Shelving location Date acquired Serial Enumeration / chronology Koha item type
      Bibliography RRII Library RRII Library Physiology 09/04/2014 Volume 6, Issue 1&2 Bibliography STAF